Текст томруулах:    
The American pageant (Бичлэгийн дугаар. 146186)
000 -УДИРДЛАГА
Удирдлага 01005nam a22003137a 4500
003 - ХЯНАЛТЫН ТОО ТОДОРХОЙЛОГЧ
Код MN-UlNUM
005 - БИЧИЛТ ХИЙСЭН ОГНОО
Тухайн бичилтийг бичсэн засварласан сүүлийн огноо 20260310152231.0
008 - ЕРӨНХИЙ МЭДЭЭЛЭЛ
Ерөнхий мэдээлэл 251230s1986 mauafb|| |||| 001 0 eng |
020 ## - ISBN
ISBN 0669113441
040 ## - БИЧЛЭГ ҮҮСГЭГЧ БАЙГУУЛЛАГА
Бичлэг үүсгэгч номын сангийн код МУИС-ийн номын сан
084 ## - ББК АНГИЛАЛ
Нэмэлт тусгалт Бусад
ББК ангилал 68.4
Зохиогчийн гурван тэмдэгт K 33
Мэдлэгийн ялгаа 68 - Цэрэг
100 1# - ЗОХИОГЧ
Зохиогчийн нэр Kennedy, David M.
245 14 - ҮНДСЭН ГАРЧИГ
Номын нэр The American pageant
Бага гарчгийн мэдээ A history of the republic
Оролцогчдын тухай мэдээ David M. Kennedy, Thomas A. Bailey.
Ботийн дугаар Volume
Ботийн нэр II
250 ## - ДАХИН ХЭВЛЭЛТ
Дахин гаралтын дугаар Brief ed.
260 ## - ГАРАЛТЫН МЭДЭЭ
Хэвлэгдсэн газар Lexington, Mass. :
Хэвлэлийн газар D.C. Heath,
Хэвлэгдсэн он 1986.
300 ## - МАТЕРИАЛЫН ТОДОРХОЙЛОЛТ
хуудасны тоо xii, 241-513, xlvix p., [2] p. of plates
Бусад тоон мэдээлэл ill. (some col.) ;
Хэмжээ 24 cm.
500 ## - Тайлбар
Дансны дугаар БС 5002
546 ## - ХЭЛНИЙ ТУХАЙ МЭДЭЭ
Хэл Англи хэл дээр,
653 ## - Түлхүүр үг
Түлхүүр үг history
653 ## - Түлхүүр үг
Түлхүүр үг united States
700 1# - ХАМ ЗОХИОГЧИД
Ба бус Bailey, Thomas Andrew,
740 ## - НОМЫН ГАРЧИГ
Гарчиг The Ordeal of Reconstruction
740 ## - НОМЫН ГАРЧИГ
Гарчиг Politics in the Gilded Age, 1869-1895
740 ## - НОМЫН ГАРЧИГ
Гарчиг Industry Comes of Age, 1865-1900
740 ## - НОМЫН ГАРЧИГ
Гарчиг New Social and Cultural Horizons, 1865-1900
942 ## - ЭЛЕМЕНТИЙН ТӨРӨЛ
Зүйлийн төрөл Ном